Normal view
MARC view
- Fannery, Brain P
Entry Personal Name
001 - CONTROL NUMBER
- control field: 26806
003 - CONTROL NUMBER IDENTIFIER
- control field: IN-BhIIT
005 - DATE AND TIME OF LATEST TRANSACTION
- control field: 20251217113805.0
008 - FIXED-LENGTH DATA ELEMENTS
- fixed length control field: 251217|| aca||aabn | a|a d
040 ## - CATALOGING SOURCE
- Original cataloging agency: IN-BhIIT
- Transcribing agency: IN-BhIIT
100 ## - HEADING--PERSONAL NAME
- Personal name: Fannery, Brain P
670 ## - SOURCE DATA FOUND
- Source citation: Work cat.: (IN-BhIIT)15209: Numerical recipes example book (FORTRAN) /, 1985.